Bezrobocie - czy wolno sie z tym godzic?
Prvky, ktoré môžeme rozlišovať v boji proti nezamestnanosti. Medzery v poznaní nezamestnanosti. Výskumné potreby skúmania problematiky nezamestnanosti. Najúčinnejším liekom nezamestnanosti je všeobecná podpora podnikavosti, ktorá závisí od mnohých faktorov ako sú: individuálne faktory a štyri inštit...
Salvato in:
| Autore principale: | |
|---|---|
| Natura: | Capitolo di libro |
| Lingua: | polacco |
| Soggetti: | |
| Tags: |
Nessun Tag, puoi essere il primo ad aggiungerne!!
|
MARC
| LEADER | 00000naa a2200000 4500 | ||
|---|---|---|---|
| 001 | r012205 | ||
| 005 | 20220826094614.4 | ||
| 041 | 0 | |a pol | |
| 044 | |a PL | ||
| 245 | 1 | 0 | |a Bezrobocie - czy wolno sie z tym godzic? |c W. Zaleski |
| 520 | |a Prvky, ktoré môžeme rozlišovať v boji proti nezamestnanosti. Medzery v poznaní nezamestnanosti. Výskumné potreby skúmania problematiky nezamestnanosti. Najúčinnejším liekom nezamestnanosti je všeobecná podpora podnikavosti, ktorá závisí od mnohých faktorov ako sú: individuálne faktory a štyri inštitúcie: rodina, škola, rozhlas a televízia a cirkevné organizácie. Inštitucionálne podmienky. Druhy aktívnych foriem boja proti nezamestnanosti. | ||
| 610 | 2 | 0 | |a nezamestnanosť |
| 610 | 2 | 0 | |a PR |
| 610 | 2 | 0 | |a zamestnanosť |
| 610 | 2 | 0 | |a programy vládne |
| 610 | 2 | 0 | |a správa miestna |
| 610 | 2 | 0 | |a odbory |
| 610 | 2 | 0 | |a výskum |
| 610 | 2 | 0 | |a legislatíva |
| 100 | 1 | |a Zaleski, W. | |